000 00458nam a2200181 a 4500
001 1765966326942
003 ACL
005 20251217154517.0
008 251217s2004##################000#0#eng##
020 _a9780345478061
082 0 4 _a641.56383
_bELY
100 1 _aEly, Leanne,
_eauthor.
245 1 0 _aSaving Dinner the Low-Carb Way :
260 _bNational Geographic Books,
_c2004.
650 0 _aCooking.
942 _cENGLISH
040 _aACL
_beng
_cACL
999 _c603026
_d603026